Pays d'Europe qui ont accès a la mer - Statistiques

Statistiques générales
  • Ce quiz a été pris 133 fois
  • Le résultat moyen est 29 sur 30
Réponses sur la Carte
Les réponses sont colorées sur une échelle allant du rouge au vert en fonction du pourcentage des utilisateurs qui les ont devinées à leur premier essai. Vous pouvez retrouver ces pourcentages ci-dessous.
 
Statistiques - réponses
Pays % Correct
Espagne
100%
France
100%
Allemagne
99%
Belgique
99%
Italie
99%
Portugal
99%
Royaume- Uni
99%
Suède
99%
Estonie
98%
Grèce
98%
Irlande
98%
Lettonie
98%
Lituanie
98%
Norvège
98%
Pays-Bas
98%
Pologne
98%
Croatie
97%
Danemark
97%
Finlande
97%
Islande
97%
Russie
97%
Ukraine
95%
Albanie
93%
Roumanie
93%
Slovénie
93%
Malte
92%
Monaco
91%
Bulgarie
88%
Monténégro
87%
Bosnie- Herzégovine
86%
Aucun quiz correspondant
Distribution des résultats
% des personnes avec chaque résultat
Percentile par nombre de réponses
Votre historique - résultats
Vous n’avez pas pris ce quiz